The calculation of atomic collision processes
Uloženo v:
| Hlavní autor: | |
|---|---|
| Médium: | Kniha |
| Jazyk: | angličtina |
| Vydáno: |
Nueva York
Wiley-Interscience
1971
|
| Témata: | |
| Tagy: |
Přidat tag
Žádné tagy, Buďte první, kdo vytvoří štítek k tomuto záznamu!
|
MARC
| LEADER | 00000nam a2200000 a 4500 | ||
|---|---|---|---|
| 001 | UCX0426 | ||
| 003 | CL-VaPUC | ||
| 008 | 891017e19710000US |||||||||||||||||eng|d | ||
| 082 | 0 | 4 | |a 539.754 |b SMI |2 21 |
| 100 | 0 | |a Smith, Kenneth |e author |9 315844 | |
| 245 | 1 | 4 | |a The calculation of atomic collision processes |
| 300 | |a 218 p | ||
| 942 | |c BK | ||
| 945 | |d 19891017 00:00:00 | ||
| 260 | |a Nueva York |b Wiley-Interscience |c 1971 | ||
| 650 | 7 | |a COLISIONES |2 CL-VaPUC |9 315845 | |
| 650 | 7 | |a FISICA NUCLEAR |2 CL-VaPUC |9 270366 | |
| 583 | |a last modification |c 19891017 00:00:00 |k Rodrigo Vera | ||
| 999 | |c 222031 |d 222029 | ||
| 952 | |0 0 |1 0 |4 0 |6 539_754000000000000_SMI_1971 |7 0 |8 A |9 216193 |a BIBCUR |b BIBCUR |d 2019-11-15 |i 3180999 |o 539.754 SMI 1971 |p 3180999 |r 2025-04-22 |w 2019-11-15 |y BK |k BCB | ||